000 00613nam a2200181 4500
008 011121s1985 us 0 engYA
020 _a0802818692
090 _aDS117
_bF49i
100 1 _aFinegan, Jack
245 1 0 _aDiscovering Israel :
_ba popular guide to the Holy Land /
_cJack Finegan.
260 _aMichigan :
_bEerdmans,
_cc1985.
300 _axii, 143 p. :
_bIlls., map, ports.
504 _aIncludes bibliographical references
651 4 _aIsrael
_xHistory.
651 4 _aPalestine
_xAntiquities.
651 4 _aPalestine
_xHistory.
951 _p21336
_x00010571
_oDS117/F49i
_j070613111020156
_d2000-12-21
_cGC
999 _c4983
_d4983